[Event "Aragon-chT Honor Gr II"]
[Site "Aragon"]
[Date "2023.03.04"]
[Round "6.16"]
[White "Martin Catalan, Juan Vicente"]
[Black "Martinez Cebolla, Alberto"]
[Result "1-0"]
[WhiteElo "1939"]
[BlackElo "2076"]
[PlyCount "33"]
[EventDate "2023.01.28"]
[EventType "team-tourn"]
[EventRounds "7"]
[EventCountry "ESP"]
[SourceTitle "EXT 2024"]
[Source "ChessBase"]
[SourceDate "2023.10.10"]
[SourceVersion "1"]
[SourceVersionDate "2023.10.10"]
[SourceQuality "1"]
[WhiteTeam "Teruel"]
[BlackTeam "Iberajedrez Mundo 64"]
[WhiteTeamCountry "ESP"]
[BlackTeamCountry "ESP"]

1. d4 Nf6 2. Bf4 e6 3. e3 c5 4. c3 d5 5. Nf3 Nc6 6. Nbd2 Bd6 7. Ne5 Qc7 8. Ndf3 Nd7 9. Nxd7 Bxd7 10. Bg3 b6 11. Bd3 e5 12. dxe5 Nxe5 13. Nxe5 Bxe5 14. Qh5 Bxg3 15. hxg3 g6 16. Qxd5 Bc6 17. Bb5 1-0

[Event "Aragon-chT Preferente Gr I"]
[Site "Aragon"]
[Date "2022.03.26"]
[Round "9.43"]
[White "Martin Catalan, Juan Vicente"]
[Black "Garcia Garcia, Enrique"]
[Result "1/2-1/2"]
[WhiteElo "2002"]
[BlackElo "1788"]
[PlyCount "56"]
[EventDate "2022.01.29"]
[EventType "team-tourn"]
[EventRounds "9"]
[EventCountry "ESP"]
[SourceTitle "EXT 2024"]
[Source "ChessBase"]
[SourceDate "2023.10.10"]
[SourceVersion "1"]
[SourceVersionDate "2023.10.10"]
[SourceQuality "1"]
[WhiteTeam "Teruel"]
[BlackTeam "Dr Azua"]
[WhiteTeamCountry "ESP"]
[BlackTeamCountry "ESP"]

1. d4 Nf6 2. Bf4 g6 3. e3 Bg7 4. Nf3 0-0 5. h3 d6 6. c4 Nfd7 7. Nc3 e5 8. Bh2 exd4 9. exd4 Nc6 10. Be2 Nb6 11. 0-0 a6 12. Rc1 Ne7 13. Re1 Be6 14. d5 Bc8 15. b3 Nf5 16. Bd3 Nh4 17. Bg3 Nxf3+ 18. Qxf3 f5 19. Qe3 Bd7 20. f4 Re8 21. Qd2 Qf6 22. Ne2 Re7 23. Bf2 Rae8 24. Nd4 Rxe1+ 25. Rxe1 Rxe1+ 26. Qxe1 Kf7 27. Nf3 h6 28. Bh4 Qa1 1/2-1/2

[Event "Aragon-chT Preferente Gr I"]
[Site "Aragon"]
[Date "2022.03.19"]
[Round "8.42"]
[White "Martin Catalan, Juan Vicente"]
[Black "Insa Castillo, Jose Manuel"]
[Result "1-0"]
[WhiteElo "2002"]
[BlackElo "1612"]
[PlyCount "97"]
[EventDate "2022.01.29"]
[EventType "team-tourn"]
[EventRounds "9"]
[EventCountry "ESP"]
[SourceTitle "EXT 2024"]
[Source "ChessBase"]
[SourceDate "2023.10.10"]
[SourceVersion "1"]
[SourceVersionDate "2023.10.10"]
[SourceQuality "1"]
[WhiteTeam "Teruel"]
[BlackTeam "Palacio de Pioneros IV"]
[WhiteTeamCountry "ESP"]
[BlackTeamCountry "ESP"]

1. d4 Nf6 2. Bf4 c5 3. e3 d5 4. Nf3 Nc6 5. c3 Bf5 6. dxc5 Nh5 7. Bg5 h6 8. Bh4 g5 9. Nd4 Bg6 10. Bb5 Rc8 11. Bg3 Nxg3 12. hxg3 e5 13. Nxc6 bxc6 14. Ba6 Rb8 15. b4 Bg7 16. Bd3 e4 17. Be2 Rxb4 18. cxb4 Bxa1 19. Nd2 Bg7 20. Qa4 Qc7 21. 0-0 0-0 22. Nb3 Bf5 23. Rd1 Rd8 24. Qa6 Bc8 25. Qa4 f5 26. Nd4 Bd7 27. Qb3 f4 28. gxf4 gxf4 29. b5 Kh8 30. bxc6 f3 31. cxd7 fxe2 32. Nxe2 Qxd7 33. Nf4 d4 34. Ne6 Rg8 35. c6 Qxc6 36. Nxg7 Rxg7 37. Rxd4 Qg6 38. Qb8+ Kh7 39. g3 Qe6 40. Rd8 Re7 41. Rh8+ Kg6 42. Qf4 Qh3 43. Rf8 Qe6 44. Rd8 Qxa2 45. Rd6+ Re6 46. Qxe4+ Kf7 47. Qh7+ Kf8 48. Rd8+ Re8 49. Qh8+ 1-0

[Event "Aragon-chT Preferente Gr I"]
[Site "Aragon"]
[Date "2022.02.19"]
[Round "4.35"]
[White "Carruez Gracia, Eduardo"]
[Black "Martin Catalan, Juan Vicente"]
[Result "1/2-1/2"]
[WhiteElo "1934"]
[BlackElo "2002"]
[PlyCount "94"]
[EventDate "2022.01.29"]
[EventType "team-tourn"]
[EventRounds "9"]
[EventCountry "ESP"]
[SourceTitle "EXT 2024"]
[Source "ChessBase"]
[SourceDate "2023.10.10"]
[SourceVersion "1"]
[SourceVersionDate "2023.10.10"]
[SourceQuality "1"]
[WhiteTeam "Agrupacion II"]
[BlackTeam "Teruel"]
[WhiteTeamCountry "ESP"]
[BlackTeamCountry "ESP"]

1. e4 c5 2. b4 cxb4 3. a3 d5 4. exd5 Qxd5 5. Nf3 e5 6. axb4 Bxb4 7. c3 Bc5 8. d4 exd4 9. cxd4 Bb4+ 10. Bd2 Bxd2+ 11. Qxd2 Ne7 12. Nc3 Qd8 13. Bc4 0-0 14. 0-0 Bf5 15. d5 Nd7 16. Qf4 Rc8 17. Nb5 Nb6 18. Nd6 Nxc4 19. Nxc8 Qxc8 20. Rfc1 b5 21. Nd4 Bd7 22. Rxa7 Nxd5 23. Qg5 Nf6 24. Nxb5 Bxb5 25. Qxb5 Qb8 26. Rb7 Nd6 27. Rxb8 Nxb5 28. Rxb5 h5 29. Rc7 g6 30. g3 Kg7 31. Kg2 Ng8 32. Kf3 Ra8 33. Rbb7 Nh6 34. h3 Ra3+ 35. Kf4 Ra4+ 36. Ke5 Ra5+ 37. Kf4 Ra4+ 38. Ke5 Ra5+ 39. Kd4 Rf5 40. f4 h4 41. Ke4 hxg3 42. Rb3 g2 43. Rg3 Rh5 44. Rxg2 Rxh3 45. Rc5 Kf6 46. Rc6+ Kg7 47. Rc5 Kf6 1/2-1/2

[Event "Aragon-chT Preferente Gr I"]
[Site "Aragon"]
[Date "2022.02.05"]
[Round "2.39"]
[White "Martin Catalan, Juan Vicente"]
[Black "Galvez Longas, Isaac"]
[Result "1/2-1/2"]
[WhiteElo "2002"]
[BlackElo "1702"]
[PlyCount "103"]
[EventDate "2022.01.29"]
[EventType "team-tourn"]
[EventRounds "9"]
[EventCountry "ESP"]
[SourceTitle "EXT 2024"]
[Source "ChessBase"]
[SourceDate "2023.10.10"]
[SourceVersion "1"]
[SourceVersionDate "2023.10.10"]
[SourceQuality "1"]
[WhiteTeam "Teruel"]
[BlackTeam "Ejea"]
[WhiteTeamCountry "ESP"]
[BlackTeamCountry "ESP"]

1. d4 d5 2. Nf3 e6 3. e3 Nf6 4. Bd3 Bd6 5. Nbd2 b6 6. Qe2 Bb7 7. e4 dxe4 8. Nxe4 Nxe4 9. Bxe4 Bxe4 10. Qxe4 c6 11. Be3 Qc7 12. Rd1 Nd7 13. 0-0 Nf6 14. Qd3 0-0 15. Bg5 Ng4 16. h3 Nh2 17. Rfe1 Nxf3+ 18. Qxf3 Rac8 19. Qg4 Rfe8 20. c3 Be7 21. Bh6 Bf8 22. Bf4 Bd6 23. Bg5 Be7 24. Bc1 Rcd8 25. Bf4 Bd6 26. Bxd6 Rxd6 27. g3 Qe7 28. Kg2 Red8 29. Qf3 Qd7 30. Rc1 Rd5 31. Qe4 Ra5 32. a3 Qd5 33. Qxd5 Raxd5 34. Rc2 c5 35. dxc5 Rxc5 36. Kf1 Kf8 37. Ree2 Rcd5 38. f3 Ke7 39. Ke1 Rd1+ 40. Kf2 R8d3 41. h4 Kd6 42. Re4 f5 43. Re3 e5 44. Rxd3+ Rxd3 45. Ke2 Rd5 46. Rd2 a5 47. a4 g6 48. b3 Rxd2+ 49. Kxd2 h6 50. Kd3 Kc5 51. Ke3 h5 52. Kd3 1/2-1/2

[Event "Aragon-chT Honor Gr-I"]
[Site "Aragon"]
[Date "2020.02.15"]
[Round "4.2"]
[White "Martin Catalan, Juan Vicente"]
[Black "Gines Esteo, Pedro Antonio"]
[Result "0-1"]
[WhiteElo "1977"]
[BlackElo "2482"]
[PlyCount "68"]
[EventDate "2020.01.25"]
[EventType "team-tourn"]
[EventRounds "7"]
[EventCountry "ESP"]
[SourceTitle "EXT 2022"]
[Source "ChessBase"]
[SourceDate "2021.10.06"]
[SourceVersion "1"]
[SourceVersionDate "2021.10.06"]
[SourceQuality "1"]
[WhiteTeam "Teruel"]
[BlackTeam "Jaime Casas"]
[WhiteTeamCountry "ESP"]
[BlackTeamCountry "ESP"]

1. d4 f5 2. c4 Nf6 3. Nf3 g6 4. g3 b6 5. Bg2 Bb7 6. Nc3 e6 7. 0-0 Bg7 8. d5 exd5 9. cxd5 0-0 10. Be3 Na6 11. Rc1 Nc5 12. Bxc5 bxc5 13. d6 Rb8 14. Nb5 c6 15. Na3 Ba6 16. b3 Ne4 17. Nc4 Re8 18. Qc2 Qf6 19. Nh4 Nc3 20. e3 Bxc4 21. bxc4 Qxd6 22. Rfe1 Rb4 23. Bf1 Reb8 24. Qd3 Qxd3 25. Bxd3 Nxa2 26. Rc2 Rb2 27. Ree2 Rxc2 28. Rxc2 Nb4 29. Rd2 a5 30. Bb1 Rb7 31. Nf3 a4 32. Ne1 Bc3 33. Re2 a3 34. Nd3 a2 0-1

[Event "Aragon-chT Honor Gr-I"]
[Site "Aragon"]
[Date "2020.02.01"]
[Round "2.14"]
[White "Martin Catalan, Juan Vicente"]
[Black "Hernando Garcia, Antonio"]
[Result "1-0"]
[WhiteElo "1977"]
[BlackElo "2120"]
[PlyCount "119"]
[EventDate "2020.01.25"]
[EventType "team-tourn"]
[EventRounds "7"]
[EventCountry "ESP"]
[SourceTitle "EXT 2022"]
[Source "ChessBase"]
[SourceDate "2021.10.06"]
[SourceVersion "1"]
[SourceVersionDate "2021.10.06"]
[SourceQuality "1"]
[WhiteTeam "Teruel"]
[BlackTeam "El Olivar"]
[WhiteTeamCountry "ESP"]
[BlackTeamCountry "ESP"]

1. d4 d5 2. Nf3 Bf5 3. Bf4 c6 4. e3 e6 5. c4 Qb6 6. Qb3 Qxb3 7. axb3 Nd7 8. Nc3 Ngf6 9. Be2 Be7 10. 0-0 0-0 11. h3 h6 12. g4 Bh7 13. Kh2 a6 14. Rg1 Ne4 15. Nxe4 dxe4 16. Ne5 Nb6 17. c5 Nd5 18. Bg3 g5 19. Nc4 Rad8 20. Kg2 f5 21. gxf5 exf5 22. Be5 Bg6 23. f4 exf3+ 24. Bxf3 Nf6 25. Bd6 Bxd6 26. Nxd6 Rd7 27. Ra4 Ne8 28. Nc4 Nc7 29. Ne5 Rg7 30. Rb4 Nd5 31. Bxd5+ cxd5 32. Rb6 Kh7 33. Rd6 f4 34. Kf2 fxe3+ 35. Kxe3 Be4 36. Rc1 Rf4 37. c6 bxc6 38. Rcxc6 Rh4 39. Ng4 Rxh3+ 40. Kd2 Rf7 41. Rxh6+ Rxh6 42. Rxh6+ Kg7 43. Rxa6 Rf4 44. Ra7+ Kg6 45. Ne5+ Kh5 46. b4 Rf2+ 47. Kc3 Rc2+ 48. Kb3 Rc8 49. b5 Rb8 50. Kb4 g4 51. Nd7 Rd8 52. b6 g3 53. b7 g2 54. Ra1 Kh4 55. b8Q Rxb8+ 56. Nxb8 Kg3 57. Rg1 Kf2 58. Rxg2+ Bxg2 59. Kc5 Ke3 60. Nc6 1-0

[Event "Aragon-chT Honor Gr-I"]
[Site "Aragon"]
[Date "2020.01.25"]
[Round "1.28"]
[White "Martin Catalan, Juan Vicente"]
[Black "Sacristan Latorre, Carlos"]
[Result "1-0"]
[WhiteElo "1977"]
[BlackElo "1663"]
[PlyCount "79"]
[EventDate "2020.01.25"]
[EventType "team-tourn"]
[EventRounds "7"]
[EventCountry "ESP"]
[SourceTitle "EXT 2022"]
[Source "ChessBase"]
[SourceDate "2021.10.06"]
[SourceVersion "1"]
[SourceVersionDate "2021.10.06"]
[SourceQuality "1"]
[WhiteTeam "Teruel"]
[BlackTeam "Palacio de Pioneros II"]
[WhiteTeamCountry "ESP"]
[BlackTeamCountry "ESP"]

1. d4 Nf6 2. Bf4 g6 3. e3 Bg7 4. Be2 d6 5. h3 0-0 6. Nf3 Nfd7 7. c4 e5 8. Bh2 Nc6 9. 0-0 f5 10. Nc3 Kh8 11. Rc1 g5 12. dxe5 dxe5 13. Nd2 f4 14. Nde4 h6 15. Nd5 Ne7 16. b3 Nb6 17. Ndc3 c6 18. Qxd8 Rxd8 19. Rfd1 Rf8 20. Nd6 Nf5 21. Nxf5 Bxf5 22. e4 Bg6 23. Rd6 Bf7 24. Rcd1 Rfe8 25. Bg4 Bf8 26. R6d3 Kg7 27. Kf1 Kf6 28. Bg1 Be7 29. f3 Bg6 30. c5 Nc8 31. Rd7 h5 32. Bf5 Bxf5 33. exf5 b6 34. Rc7 Kxf5 35. Rxc6 bxc5 36. Ne4 Rf8 37. Bxc5 Bxc5 38. Rxc5 Nb6 39. Rc6 Rac8 40. Nd6+ 1-0

[Event "Aragon-chT Honor Descenso"]
[Site "Aragon"]
[Date "2019.03.16"]
[Round "8.27"]
[White "Martin Catalan, Juan Vicente"]
[Black "Palomar Ramon, Santiago"]
[Result "1/2-1/2"]
[WhiteElo "2028"]
[BlackElo "1946"]
[PlyCount "120"]
[EventDate "2019.03.16"]
[EventType "team-tourn"]
[EventRounds "10"]
[EventCountry "ESP"]
[SourceTitle "EXT 2020"]
[Source "ChessBase"]
[SourceDate "2019.10.17"]
[SourceVersion "1"]
[SourceVersionDate "2019.10.17"]
[SourceQuality "1"]
[WhiteTeam "Teruel"]
[BlackTeam "San Jose"]
[WhiteTeamCountry "ESP"]
[BlackTeamCountry "ESP"]

1. d4 d5 2. Bf4 Bg4 3. c4 c6 4. Nc3 e6 5. Nf3 Nd7 6. Qb3 Qb6 7. e3 Ngf6 8. Bd3 dxc4 9. Bxc4 Nd5 10. Bg3 Be7 11. 0-0 0-0 12. Ne5 Nxe5 13. Bxe5 Qxb3 14. Bxb3 Rfd8 15. Rac1 Bf5 16. a3 Bd6 17. Bxd6 Rxd6 18. Na4 Rb8 19. Nc5 Nf6 20. Bc2 Bxc2 21. Rxc2 Kf8 22. Rfc1 Ke7 23. f3 Rd5 24. Rc3 Nd7 25. Nd3 e5 26. dxe5 Nxe5 27. Nxe5 Rxe5 28. Rd1 Rd8 29. Rxd8 Kxd8 30. Kf2 f5 31. Ke2 Rb5 32. b3 Ke7 33. Rd3 Ke6 34. Kd2 a5 35. Kc3 Rc5+ 36. Kd2 b5 37. Rd4 Rd5 38. b4 axb4 39. axb4 c5 40. bxc5 Rxc5 41. e4 fxe4 42. Rxe4+ Re5 43. Rg4 Rd5+ 44. Kc3 Kf6 45. Kb4 h5 46. Rf4+ Kg5 47. Re4 h4 48. g3 hxg3 49. hxg3 g6 50. Rf4 Re5 51. Rf7 Rd5 52. Rf8 Kh6 53. Rf6 Rg5 54. g4 Rd5 55. f4 Kg7 56. g5 Kh7 57. Rf7+ Kg8 58. Rf6 Kg7 59. Ka5 Rc5 60. Kb4 Rd5 1/2-1/2

[Event "Aragon-chT Honor Gr-A"]
[Site "Aragon"]
[Date "2019.02.09"]
[Round "3.15"]
[White "Ramiro Ovejero, Juan Luis"]
[Black "Martin Catalan, Juan Vicente"]
[Result "1-0"]
[WhiteElo "2358"]
[BlackElo "2028"]
[PlyCount "97"]
[EventDate "2019.01.26"]
[EventType "team-tourn"]
[EventRounds "7"]
[EventCountry "ESP"]
[SourceTitle "EXT 2020"]
[Source "ChessBase"]
[SourceDate "2019.10.17"]
[SourceVersion "1"]
[SourceVersionDate "2019.10.17"]
[SourceQuality "1"]
[WhiteTeam "Jaime Casas"]
[BlackTeam "Teruel"]
[WhiteTeamCountry "ESP"]
[BlackTeamCountry "ESP"]

1. e4 c5 2. Nf3 g6 3. d4 cxd4 4. Qxd4 Nf6 5. e5 Nc6 6. Qa4 Nd5 7. Qe4 Nb6 8. Nc3 d5 9. exd6 Bf5 10. Qh4 Bg7 11. Bb5 0-0 12. Bxc6 bxc6 13. dxe7 Re8 14. 0-0 Qxe7 15. Bg5 Qc5 16. Bf6 Bxf6 17. Qxf6 Nd5 18. Nxd5 Qxd5 19. Rfd1 Qa5 20. c3 Re6 21. Qh4 h5 22. Nd4 Re4 23. Qf6 Bd7 24. Nb3 Qf5 25. Qxf5 Bxf5 26. Nd4 Bd7 27. f3 Re7 28. Re1 Rae8 29. Kf2 c5 30. Nb3 c4 31. Nd4 Rxe1 32. Rxe1 Rb8 33. b4 cxb3 34. axb3 Kf8 35. Re5 Rb6 36. Ra5 a6 37. Ke3 h4 38. c4 h3 39. g3 Ke7 40. f4 Bc8 41. Rc5 Bd7 42. Rc7 Kd8 43. Ra7 Ke8 44. c5 Rf6 45. Ke4 g5 46. Ke5 gxf4 47. Kxf6 fxg3 48. hxg3 Bc8 49. Re7+ 1-0

[Event "Aragon-chT Honor Descenso"]
[Site "Aragon"]
[Date "2018.03.17"]
[Round "8.23"]
[White "Cobo Garrido, Diego Israel"]
[Black "Martin Catalan, Juan Vicente"]
[Result "0-1"]
[WhiteElo "2083"]
[BlackElo "2055"]
[PlyCount "90"]
[EventDate "2018.03.17"]
[EventType "team-tourn"]
[EventRounds "10"]
[EventCountry "ESP"]
[SourceTitle "EXT 2019"]
[Source "ChessBase"]
[SourceDate "2018.10.10"]
[SourceVersion "1"]
[SourceVersionDate "2018.10.10"]
[SourceQuality "1"]
[WhiteTeam "Aragon ONCE"]
[BlackTeam "Teruel"]
[WhiteTeamCountry "ESP"]
[BlackTeamCountry "ESP"]

1. e4 c5 2. Nf3 g6 3. d4 cxd4 4. Qxd4 Nf6 5. Nc3 Nc6 6. Qa4 h5 7. Bf4 Bg7 8. h3 0-0 9. e5 Ne8 10. 0-0-0 Qa5 11. Qxa5 Nxa5 12. Nd5 Nc6 13. Bb5 e6 14. Nc3 f5 15. exf6 Bxf6 16. Be3 d5 17. Ne2 Nd6 18. Bd3 Nf5 19. Bc5 Be7 20. Bxe7 Nfxe7 21. Rhf1 e5 22. Bb5 Bxh3 23. Nh4 Bg4 24. f3 Be6 25. g3 Rf6 26. Rd2 Raf8 27. Ng1 Nd4 28. Be2 Ndf5 29. Nxf5 Nxf5 30. g4 Ne3 31. Re1 hxg4 32. Bd3 d4 33. fxg4 Bxg4 34. c3 Kg7 35. cxd4 exd4 36. b3 b6 37. Ne2 Rf1 38. Rxf1 Rxf1+ 39. Kb2 Rf2 40. Kc1 Bxe2 41. Bxe2 Kf6 42. Rb2 Ke5 43. Kd2 g5 44. Ke1 Rh2 45. a4 d3 0-1

[Event "Aragon-chT Honor Gr II"]
[Site "Aragon"]
[Date "2018.03.10"]
[Round "7.23"]
[White "Gonzalez Gambau, Jorge"]
[Black "Martin Catalan, Juan Vicente"]
[Result "1/2-1/2"]
[WhiteElo "2104"]
[BlackElo "2055"]
[PlyCount "144"]
[EventDate "2018.01.27"]
[EventType "team-tourn"]
[EventRounds "7"]
[EventCountry "ESP"]
[SourceTitle "EXT 2019"]
[Source "ChessBase"]
[SourceDate "2018.10.10"]
[SourceVersion "1"]
[SourceVersionDate "2018.10.10"]
[SourceQuality "1"]
[WhiteTeam "Jaque"]
[BlackTeam "Teruel"]
[WhiteTeamCountry "ESP"]
[BlackTeamCountry "ESP"]

1. e4 c5 2. Nc3 g6 3. g3 Bg7 4. Bg2 Nc6 5. d3 d6 6. Be3 Nf6 7. h3 0-0 8. Qd2 Rb8 9. Bh6 Nd4 10. Bxg7 Kxg7 11. Nce2 b5 12. c3 Nc6 13. f4 Bd7 14. Nf3 b4 15. 0-0 bxc3 16. bxc3 Qa5 17. e5 Nd5 18. Ng5 Nc7 19. Nf3 Rb6 20. Rab1 Rfb8 21. Rxb6 Qxb6 22. g4 Qb2 23. Rd1 Nd5 24. exd6 exd6 25. Qxb2 Rxb2 26. Rd2 Rxd2 27. Nxd2 Nde7 28. Ne4 Nc8 29. g5 N6e7 30. N2g3 Nf5 31. Kf2 Nxg3 32. Kxg3 Bf5 33. Kf3 Bxe4+ 34. Kxe4 Ne7 35. d4 cxd4 36. Kxd4 Nf5+ 37. Kd3 f6 38. Be4 Ne7 39. Kc4 fxg5 40. fxg5 Kf7 41. Bd5+ Ke8 42. Be6 Kd8 43. Kb5 Kc7 44. Ka6 Kb8 45. c4 Ka8 46. Bf7 Kb8 47. Be6 Ka8 48. Bf7 Kb8 49. h4 Ka8 50. Be6 Kb8 51. Bf7 Nf5 52. h5 gxh5 53. Bxh5 Nh4 54. Bg4 Ng6 55. Bf5 Nf8 56. a3 Ka8 57. Kb5 Kb7 58. a4 Ng6 59. c5 dxc5 60. Kxc5 Kc7 61. a5 Nf4 62. Kb5 Ng6 63. Be4 Nf8 64. Bf5 Ng6 65. Be4 Nf8 66. Bd5 Ng6 67. Bg8 Nf8 68. Ka6 Kb8 69. Bd5 Nd7 70. Bg8 Nc5+ 71. Kb5 Ne4 72. Bxh7 Nxg5 1/2-1/2

[Event "Aragon-chT Honor Descenso"]
[Site "Aragon"]
[Date "2017.03.25"]
[Round "9.24"]
[White "Llanes Luno, Pedro Alfredo"]
[Black "Martin Catalan, Juan Vicente"]
[Result "0-1"]
[WhiteElo "2059"]
[BlackElo "2059"]
[PlyCount "80"]
[EventDate "2017.02.25"]
[EventType "team-tourn"]
[EventRounds "10"]
[EventCountry "ESP"]
[SourceTitle "EXT 2018"]
[Source "ChessBase"]
[SourceDate "2017.10.13"]
[SourceVersion "1"]
[SourceVersionDate "2017.10.13"]
[SourceQuality "1"]
[WhiteTeam "Delicias"]
[BlackTeam "Teruel"]
[WhiteTeamCountry "ESP"]
[BlackTeamCountry "ESP"]

1. e4 c5 2. Nf3 Nc6 3. Nc3 g6 4. d4 cxd4 5. Nxd4 Bg7 6. Be3 Nf6 7. f3 0-0 8. Qd2 d5 9. Nxc6 bxc6 10. 0-0-0 Qa5 11. a3 dxe4 12. Nxe4 Qxd2+ 13. Nxd2 Nd5 14. Bc5 Rb8 15. Nb3 a5 16. g3 Re8 17. Re1 Bd7 18. a4 Nb6 19. Rd1 Bf5 20. Nxa5 Nxa4 21. Ba3 Bxb2+ 22. Bxb2 Rxb2 23. Bd3 Rb6 24. Bxf5 gxf5 25. Rhe1 Nc3 26. Rd7 e6 27. Kd2 Nd5 28. Nc4 Ra6 29. Rb1 Re7 30. Rd8+ Kg7 31. Ne5 Rc7 32. Rbb8 Nf6 33. Ke3 Ra5 34. Nc4 Rd5 35. Rh8 Rb5 36. Ra8 Rd7 37. h4 Rc5 38. Nd2 Rc3+ 39. Kf4 Rxd2 40. g4 fxg4 0-1

[Event "Aragon-chT Honor Descenso"]
[Site "Aragon"]
[Date "2016.04.09"]
[Round "10.15"]
[White "Martin Catalan, Juan Vicente"]
[Black "Pellicer Cerezuela, Miguel"]
[Result "1-0"]
[WhiteElo "2045"]
[BlackElo "2048"]
[PlyCount "79"]
[EventDate "2016.03.19"]
[EventType "team-tourn"]
[EventRounds "10"]
[EventCountry "ESP"]
[SourceTitle "EXT 2018"]
[Source "ChessBase"]
[SourceDate "2017.10.13"]
[SourceVersion "1"]
[SourceVersionDate "2017.10.13"]
[SourceQuality "1"]
[WhiteTeam "Teruel"]
[BlackTeam "La Aurora Estadilla"]
[WhiteTeamCountry "ESP"]
[BlackTeamCountry "ESP"]

1. d4 d5 2. c4 e5 3. e3 exd4 4. exd4 Nf6 5. Nf3 c6 6. Nc3 Bg4 7. Be3 Be7 8. Bd3 dxc4 9. Bxc4 0-0 10. 0-0 Nbd7 11. Re1 Nb6 12. Bb3 Nbd5 13. Bg5 Nxc3 14. bxc3 Bd6 15. Qd3 Bh5 16. Ne5 Bxe5 17. Rxe5 Bg6 18. Qf3 Qd6 19. Rae1 a5 20. Bxf6 gxf6 21. Re7 a4 22. Bc4 Rab8 23. Bd3 b5 24. h4 Bxd3 25. Qxd3 b4 26. cxb4 Rxb4 27. R7e4 f5 28. Re5 Rxd4 29. Qxf5 Qg6 30. Qh3 h6 31. h5 Qf6 32. Qg3+ Qg7 33. Qe3 Rd5 34. Qf4 Rxe5 35. Rxe5 Rd8 36. Re3 Rd5 37. Re8+ Kh7 38. Qe4+ f5 39. Qe6 Rd1+ 40. Kh2 1-0

[Event "Aragon-chT Honor GrA"]
[Site "Aragon"]
[Date "2016.02.13"]
[Round "3.12"]
[White "Martin Catalan, Juan Vicente"]
[Black "Landa Garriga, Francisco Javier"]
[Result "1-0"]
[WhiteElo "2045"]
[BlackElo "1846"]
[PlyCount "69"]
[EventDate "2016.01.30"]
[EventType "team-tourn"]
[EventRounds "7"]
[EventCountry "ESP"]
[SourceTitle "EXT 2018"]
[Source "ChessBase"]
[SourceDate "2017.10.13"]
[SourceVersion "1"]
[SourceVersionDate "2017.10.13"]
[SourceQuality "1"]
[WhiteTeam "Teruel"]
[BlackTeam "Aragon ONCE"]
[WhiteTeamCountry "ESP"]
[BlackTeamCountry "ESP"]

1. d4 Nf6 2. c4 g6 3. Nf3 Bg7 4. Bf4 d6 5. e3 0-0 6. Be2 Nbd7 7. Nc3 b6 8. h3 Bb7 9. 0-0 a5 10. Qc2 Qe8 11. Bh2 e5 12. dxe5 dxe5 13. Rfd1 Qe6 14. a3 Rac8 15. Bf1 Ne8 16. Nd5 Nd6 17. Rac1 h6 18. e4 c6 19. Ne3 Rcd8 20. b4 axb4 21. axb4 c5 22. Nd5 cxb4 23. Nd2 Rc8 24. Qb1 Nc5 25. f3 Ne8 26. Qxb4 Rc6 27. Rb1 Nf6 28. Nxb6 Rd8 29. Nd5 Bf8 30. Qb2 Ba6 31. Qxe5 Nfd7 32. Qa1 Bg7 33. Qa3 f5 34. exf5 gxf5 35. Re1 1-0

[Event "Aragon-chT Honor GrA"]
[Site "Aragon"]
[Date "2016.02.06"]
[Round "2.11"]
[White "Martin Catalan, Juan Vicente"]
[Black "Naya Sancho, Jose Ignacio"]
[Result "1-0"]
[WhiteElo "2045"]
[BlackElo "2121"]
[PlyCount "101"]
[EventDate "2016.01.30"]
[EventType "team-tourn"]
[EventRounds "7"]
[EventCountry "ESP"]
[SourceTitle "EXT 2018"]
[Source "ChessBase"]
[SourceDate "2017.10.13"]
[SourceVersion "1"]
[SourceVersionDate "2017.10.13"]
[SourceQuality "1"]
[WhiteTeam "Teruel"]
[BlackTeam "Delicias"]
[WhiteTeamCountry "ESP"]
[BlackTeamCountry "ESP"]

1. d4 Nf6 2. c4 c5 3. d5 b5 4. cxb5 a6 5. Nc3 g6 6. e4 d6 7. Nf3 Bg7 8. Be2 0-0 9. 0-0 axb5 10. Bxb5 Ba6 11. Qe2 Bxb5 12. Nxb5 Nbd7 13. Nd2 Qa5 14. a4 Qb4 15. b3 Nxe4 16. Nxe4 Bxa1 17. Bd2 Qxb3 18. Rxa1 Rxa4 19. Rxa4 Qxa4 20. g3 Qc2 21. Na3 Qa2 22. Nc4 Ne5 23. Nxe5 Qa1+ 24. Kg2 Qxe5 25. Qf3 Qf5 26. Qd3 Ra8 27. Qc4 h5 28. h4 Qg4 29. Bc3 Qd1 30. Bb2 Qa4 31. Qd3 Rb8 32. Bc3 Rb3 33. Nd2 Ra3 34. Qe3 Qc2 35. Ne4 Qb3 36. Qh6 Qxc3 37. Nxc3 Rxc3 38. Qg5 Kf8 39. Qh6+ Kg8 40. g4 hxg4 41. Qg5 Rd3 42. h5 Kg7 43. hxg6 fxg6 44. Qxe7+ Kh6 45. Qxd6 c4 46. Qc6 c3 47. Qc4 c2 48. Qxd3 c1Q 49. Qe3+ Qxe3 50. fxe3 Kg5 51. e4 1-0

[Event "Aragon-chT Honor GrA"]
[Site "Aragon"]
[Date "2015.01.31"]
[Round "2.4"]
[White "Martin Catalan, Juan Vicente"]
[Black "Fontana Sotomayour, Luis Javier"]
[Result "0-1"]
[WhiteElo "2087"]
[BlackElo "2302"]
[PlyCount "60"]
[EventDate "2015.01.24"]
[EventType "team-tourn"]
[EventRounds "7"]
[EventCountry "ESP"]
[SourceTitle "EXT 2017"]
[Source "ChessBase"]
[SourceDate "2016.10.25"]
[SourceVersion "1"]
[SourceVersionDate "2016.10.25"]
[SourceQuality "1"]
[WhiteTeam "Teruel"]
[BlackTeam "Jaime Casas"]
[WhiteTeamCountry "ESP"]
[BlackTeamCountry "ESP"]

1. d4 f5 2. g3 Nf6 3. Bg2 e6 4. Nf3 d5 5. c4 c6 6. 0-0 Bd6 7. Nc3 0-0 8. Bg5 h6 9. Bf4 Bxf4 10. gxf4 Ne4 11. Qc2 Nd7 12. e3 Qf6 13. Ne5 g5 14. Ne2 Qg7 15. Nxd7 Bxd7 16. fxg5 hxg5 17. f4 Rf6 18. Bxe4 fxe4 19. Kh1 Kh8 20. fxg5 Rxf1+ 21. Rxf1 Qxg5 22. Nf4 Rg8 23. c5 e5 24. dxe5 Bg4 25. Qc1 Bf3+ 26. Rxf3 exf3 27. Qf1 Qh4 28. e6 f2 29. Ng2 Qf6 30. e7 Qf3 0-1

[Event "Aragon-chT Honor GrA"]
[Site "Aragon"]
[Date "2015.01.24"]
[Round "1.15"]
[White "Gutierrez Mingueza, Ruben"]
[Black "Martin Catalan, Juan Vicente"]
[Result "1-0"]
[WhiteElo "2076"]
[BlackElo "2087"]
[PlyCount "79"]
[EventDate "2015.01.24"]
[EventType "team-tourn"]
[EventRounds "7"]
[EventCountry "ESP"]
[SourceTitle "EXT 2017"]
[Source "ChessBase"]
[SourceDate "2016.10.25"]
[SourceVersion "1"]
[SourceVersionDate "2016.10.25"]
[SourceQuality "1"]
[WhiteTeam "San Jose"]
[BlackTeam "Teruel"]
[WhiteTeamCountry "ESP"]
[BlackTeamCountry "ESP"]

1. d4 d5 2. Nf3 Nf6 3. c4 e6 4. Nc3 Be7 5. Bg5 0-0 6. e3 Nbd7 7. Rc1 c6 8. Bd3 dxc4 9. Bxc4 Nd5 10. Bxe7 Qxe7 11. 0-0 Nxc3 12. Rxc3 e5 13. Bb3 e4 14. Nd2 c5 15. Qc2 cxd4 16. exd4 Nf6 17. Re1 Bf5 18. Nf1 Qd7 19. Ne3 Bg6 20. d5 Rac8 21. Rc1 Rxc3 22. Qxc3 Rb8 23. h3 Ne8 24. Qe5 Nd6 25. Nc4 Rc8 26. Rc3 Nxc4 27. Rxc4 Rxc4 28. Bxc4 f5 29. d6+ Kf8 30. Be6 Qd8 31. d7 Ke7 32. Bxf5+ Kf7 33. Qe6+ Kf8 34. Qd6+ Kg8 35. Bg4 Kf7 36. Be6+ Kf6 37. Bd5+ Kf5 38. g3 Kg5 39. Qf4+ Kh5 40. Qh4+ 1-0